[Event "BPB Limburg-open C"]
[Site "Maastricht"]
[Date "2015.05.23"]
[Round "3"]
[White "Maters, Arthur"]
[Black "Linschoten, Astrid"]
[Result "1-0"]
[WhiteElo "1189"]
[BlackElo "900"]
[PlyCount "93"]
[EventDate "2015.05.22"]
[EventType "swiss"]
[EventRounds "7"]
[EventCountry "NED"]
[Source "P.Boonen"]
[SourceDate "2015.01.01"]

1. c4 Nf6 2. Nc3 e6 3. g3 Bb4 4. Bg2 Nc6 5. Nf3 b6 6. O-O Bb7 7. d4 Bxc3 8.
bxc3 d5 9. cxd5 exd5 10. Ba3 Ne7 11. Ne5 O-O 12. c4 Re8 13. c5 Nc6 14. Nxc6
Bxc6 15. e3 Bb5 16. Re1 c6 17. Qc2 Ne4 18. Bb4 Qf6 19. a4 Bc4 20. Bf1 Bxf1 21.
Rxf1 Ng5 22. h4 Ne4 23. Kg2 Qg6 24. Rac1 Rac8 25. cxb6 axb6 26. a5 c5 27. axb6
Qxb6 28. Bxc5 Qa5 29. Bb4 Rxc2 30. Bxa5 Rec8 31. Rxc2 Rxc2 32. Be1 f5 33. Kg1
g6 34. Bb4 Kf7 35. Be1 g5 36. f3 Nd2 37. Bxd2 Rxd2 38. hxg5 Rd3 39. Re1 Kg6 40.
f4 h5 41. gxh6 Kxh6 42. Kf2 Rd2+ 43. Re2 Rd1 44. Kf3 Rf1+ 45. Rf2 Rg1 46. Rg2
Rf1+ 47. Ke2 1-0

[Event "BPB Limburg-open C"]
[Site "Maastricht"]
[Date "2015.05.23"]
[Round "3"]
[White "Mestrom, Sterre"]
[Black "Hillenkamp, Melchior"]
[Result "0-1"]
[WhiteElo "1312"]
[BlackElo "1603"]
[PlyCount "62"]
[EventDate "2015.05.22"]
[EventType "swiss"]
[EventRounds "7"]
[EventCountry "NED"]
[Source "P.Boonen"]
[SourceDate "2015.01.01"]

1. d4 Nf6 2. c4 g6 3. g3 Bg7 4. Bg2 d6 5. Nf3 O-O 6. O-O c5 7. e3 Qc7 8. b3 Bg4
9. Nc3 a6 10. Re1 Nc6 11. Qd2 Bxf3 12. Bxf3 e5 13. dxe5 dxe5 14. e4 Rad8 15.
Qb2 Nd4 16. Bg2 b5 17. cxb5 axb5 18. Be3 b4 19. Ne2 Ng4 20. Bg5 f6 21. Bd2 f5
22. Rac1 Rb8 23. exf5 Nxf5 24. Bd5+ Kh8 25. Be4 Nd6 26. f3 Qb6 27. Kg2 Nxe4 28.
fxe4 Rf2+ 29. Kh3 Qe6 30. Rh1 Ne3+ 31. Kh4 Qg4# 0-1

[Event "BPB Limburg-open C"]
[Site "Maastricht"]
[Date "2015.05.23"]
[Round "3"]
[White "Michielsen, Kobus"]
[Black "Ten Have, Dimitri"]
[Result "1-0"]
[WhiteElo "1617"]
[BlackElo "1142"]
[PlyCount "119"]
[EventDate "2015.05.22"]
[EventType "swiss"]
[EventRounds "7"]
[EventCountry "NED"]
[Source "P.Boonen"]
[SourceDate "2015.01.01"]

1. e4 d5 2. exd5 Nf6 3. d4 Nxd5 4. Nf3 Bg4 5. Bc4 Nc6 6. c3 e5 7. dxe5 Nb6 8.
Qxd8+ Rxd8 9. Bb5 Bxf3 10. gxf3 Bc5 11. O-O O-O 12. Bxc6 bxc6 13. Bg5 f6 14.
exf6 gxf6 15. Bh6 Rfe8 16. Kh1 Kf7 17. Nd2 Nd5 18. Ne4 Bb6 19. c4 Ne7 20. c5
Ba5 21. a3 Nf5 22. Bf4 Nh4 23. b4 Nxf3 24. Ng3 Rd4 25. Be3 Rh4 26. Kg2 Ne5 27.
bxa5 Ng4 28. h3 Nxe3+ 29. fxe3 Rxe3 30. Rf2 Re5 31. Raf1 Rh6 32. Rf5 Re3 33.
R1f3 Re8 34. Rh5 Re2+ 35. Kf1 Rxh5 36. Nxh5 Re5 37. Nxf6 Kg6 38. Nd7 Rd5 39.
Nf8+ Kh5 40. Rf7 Rxc5 41. Rxh7+ Kg5 42. Ne6+ Kg6 43. Nxc5 Kxh7 44. Kg2 Kg6 45.
Kg3 Kf5 46. h4 Ke5 47. h5 Kf6 48. Kg4 Kf7 49. Kg5 Kf8 50. Kg6 Kg8 51. h6 Kh8
52. h7 a6 53. Nxa6 c5 54. Nxc5 c6 55. Kf7 Kxh7 56. a6 Kh6 57. a7 Kh7 58. a8=Q
Kh6 59. Qg8 Kh5 60. Kf6 1-0

[Event "BPB Limburg-open C"]
[Site "Maastricht"]
[Date "2015.05.23"]
[Round "3"]
[White "Mohammadi Nia, Borna"]
[Black "Michielsen, Lies"]
[Result "0-1"]
[WhiteElo "1241"]
[BlackElo "1150"]
[PlyCount "25"]
[EventDate "2015.05.22"]
[EventType "swiss"]
[EventRounds "7"]
[EventCountry "NED"]
[Source "P.Boonen"]
[SourceDate "2015.01.01"]

1. e4 c5 2. Nf3 d6 3. d4 cxd4 4. Nxd4 Nf6 5. Nc3 g6 6. Bb5+ Bd7 7. Bxd7+ Nbxd7
8. O-O Bg7 9. Re1 Nc5 10. b3 O-O 11. Bb2 Rc8 12. Qf3 Nfxe4 13. Nxe4 {.....} 0-1

[Event "BPB Limburg-open C"]
[Site "Maastricht"]
[Date "2015.05.23"]
[Round "3"]
[White "Mohammadi Nia, Nosratollah"]
[Black "Schulte, Philipp"]
[Result "1-0"]
[WhiteElo "1168"]
[BlackElo "1442"]
[PlyCount "66"]
[EventDate "2015.05.22"]
[EventType "swiss"]
[EventRounds "7"]
[EventCountry "NED"]
[Source "P.Boonen"]
[SourceDate "2015.01.01"]

1. e4 c5 2. Nf3 Nc6 3. Bc4 d6 4. a3 Nf6 5. d3 e6 6. h3 Be7 7. O-O O-O 8. Re1 d5
9. exd5 exd5 10. Bb3 h6 11. Nbd2 Be6 12. c4 Qc7 13. Nf1 Rad8 14. Qc2 Qc8 15.
Ne5 Nd4 16. Qd1 dxc4 17. Bxc4 Nd5 18. Be3 Nf5 19. Bxd5 Rxd5 20. Bd2 Rfd8 21. g4
Nd4 22. Re3 Nb3 23. Rb1 Nxd2 24. Qxd2 h5 25. f3 Bf6 26. Rbe1 Bg5 27. Qg2 Bxe3+
28. Rxe3 hxg4 29. fxg4 f6 30. Ng6 Qd7 31. Rxe6 Qxe6 32. Nf4 Qe5 33. Nxd5 Rxd5
1-0

[Event "BPB Limburg-open C"]
[Site "Maastricht"]
[Date "2015.05.23"]
[Round "3"]
[White "Muntean, Victor"]
[Black "Weerts, Rene"]
[Result "1/2-1/2"]
[WhiteElo "1254"]
[BlackElo "1603"]
[PlyCount "111"]
[EventDate "2015.05.22"]
[EventType "swiss"]
[EventRounds "7"]
[EventCountry "NED"]
[Source "P.Boonen"]
[SourceDate "2015.01.01"]

1. e4 g6 2. d4 Bg7 3. Nf3 c5 4. c3 Nf6 5. e5 Ng4 6. Bc4 cxd4 7. cxd4 d5 8. exd6
Qxd6 9. Nc3 O-O 10. O-O a6 11. Re1 Nc6 12. d5 Qc5 13. Qe2 Nd4 14. Nxd4 Bxd4 15.
Be3 Bxe3 16. fxe3 Qd6 17. g3 Ne5 18. Bb3 Bg4 19. Qg2 Nf3+ 20. Kh1 Nxe1 21. Rxe1
Qd7 22. e4 b5 23. e5 a5 24. e6 fxe6 25. dxe6 Qd3 26. Bd5 Rad8 27. Be4 Qc4 28.
h4 b4 29. Nd5 Qc5 30. Qd2 Rxd5 31. Qxd5 Qf2 32. Rg1 Bf3+ 33. Bxf3 Qxf3+ 34.
Qxf3 Rxf3 35. Rc1 Rxg3 36. Rc5 Rh3+ 37. Kg2 Rxh4 38. Rxa5 Kg7 39. Ra4 Rc4 40.
b3 Re4 41. a3 Kf6 42. axb4 Kxe6 43. Kf3 Re1 44. b5 Rb1 45. Rb4 Kd6 46. b6 Rf1+
47. Ke4 e5 48. Rb5 Rf4+ 49. Ke3 Rf8 50. Ke4 Re8 51. b7 Kc7 52. b4 Rb8 53. Rxe5
Rxb7 54. b5 Kb6 55. Kd4 Ka5 56. Kc4 {.....} 1/2-1/2

[Event "BPB Limburg-open C"]
[Site "Maastricht"]
[Date "2015.05.23"]
[Round "3"]
[White "Oord, Jan"]
[Black "Van Rossum, Pia"]
[Result "1-0"]
[WhiteElo "1423"]
[BlackElo "1568"]
[PlyCount "83"]
[EventDate "2015.05.22"]
[EventType "swiss"]
[EventRounds "7"]
[EventCountry "NED"]
[Source "P.Boonen"]
[SourceDate "2015.01.01"]

1. d4 d6 2. c4 g6 3. Nc3 Bg7 4. e4 Nf6 5. f3 O-O 6. Be3 e5 7. d5 Ne8 8. Qd2 f5
9. Bg5 Nf6 10. h4 f4 11. h5 h6 12. Bxf6 Qxf6 13. hxg6 Qxg6 14. Nb5 Rf7 15. Qf2
a6 16. Nc3 Nd7 17. b4 Nf6 18. c5 Bf8 19. Rc1 h5 20. Na4 Bd7 21. Qc2 Qg3+ 22.
Ke2 Bb5+ 23. Kd2 Rg7 24. Ne2 Qf2 25. Nac3 dxc5 26. Nd1 Qxe2+ 27. Bxe2 Rxg2 28.
Nc3 c4 29. Rcg1 Rxg1 30. Rxg1+ Kf7 31. a4 Bd7 32. Bxc4 Bxb4 33. Bb3 Bd6 34. Kd3
b5 35. Qa2 h4 36. axb5 h3 37. bxa6 Nh5 38. Bc4 Ng3 39. Qh2 Rh8 40. Ne2 Nxe2 41.
Kxe2 Rb8 42. Kd3 1-0

[Event "BPB Limburg-open C"]
[Site "Maastricht"]
[Date "2015.05.23"]
[Round "3"]
[White "Overmeer, Henk"]
[Black "Muntean, Adrian"]
[Result "1-0"]
[WhiteElo "1644"]
[BlackElo "1237"]
[PlyCount "81"]
[EventDate "2015.05.22"]
[EventType "swiss"]
[EventRounds "7"]
[EventCountry "NED"]
[Source "P.Boonen"]
[SourceDate "2015.01.01"]

1. d4 d5 2. Nf3 Nf6 3. c4 e6 4. Bg5 h6 5. Bxf6 gxf6 6. e3 Rg8 7. a3 dxc4 8. Nc3
Bd7 9. Bxc4 Rxg2 10. Qe2 Bc6 11. O-O-O Nd7 12. Nh4 Rg5 13. Rhg1 Qe7 14. Rxg5
hxg5 15. d5 gxh4 16. dxc6 bxc6 17. Qh5 f5 18. Qf3 Qc5 19. Ba2 Bg7 20. Bxe6
O-O-O 21. Bxf5 Bxc3 22. bxc3 Qxc3+ 23. Bc2 Qxa3+ 24. Kb1 Qb4+ 25. Ka2 Qa5+ 26.
Kb2 Qb5+ 27. Kc1 f6 28. Rd3 f5 29. Rb3 Qc5 30. Kb1 Rg8 31. Qxf5 Rg1+ 32. Kb2
Qe5+ 33. Qxe5 Nxe5 34. Bf5+ Kd8 35. Rb8+ Ke7 36. Rh8 Rg2 37. Kc3 Rxf2 38. e4
Rxh2 39. Kd4 Nd7 40. Rh7+ Kf6 41. Bxd7 {.....} 1-0

[Event "BPB Limburg-open C"]
[Site "Maastricht"]
[Date "2015.05.23"]
[Round "3"]
[White "Overtoom, Reinier"]
[Black "Lammes, Pim"]
[Result "1-0"]
[WhiteElo "1739"]
[BlackElo "1631"]
[PlyCount "61"]
[EventDate "2015.05.22"]
[EventType "swiss"]
[EventRounds "7"]
[EventCountry "NED"]
[Source "P.Boonen"]
[SourceDate "2015.01.01"]

1. e4 e5 2. Nf3 Nc6 3. d4 exd4 4. Bc4 Bc5 5. c3 Na5 6. Bxf7+ Kxf7 7. b4 Qe7 8.
O-O d6 9. bxc5 dxc5 10. cxd4 cxd4 11. Nxd4 b6 12. Nc3 Be6 13. Qf3+ Qf6 14. Nxe6
Kxe6 15. Qg4+ Kf7 16. Nd5 Qd8 17. Bg5 Qd6 18. Rad1 Nc6 19. Nxc7 Qxc7 20. Rd7+
Qxd7 21. Qxd7+ Nge7 22. Bxe7 Nxe7 23. Rc1 Rhd8 24. Qa4 Rac8 25. Rxc8 Rxc8 26.
g3 Rc7 27. Kg2 Kf8 28. h4 a5 29. Qd4 Rc6 30. Kh3 Kf7 31. f4 1-0

[Event "BPB Limburg-open C"]
[Site "Maastricht"]
[Date "2015.05.23"]
[Round "3"]
[White "Oxener, Aldo"]
[Black "Woyave, Pascal"]
[Result "1/2-1/2"]
[WhiteElo "1533"]
[BlackElo "1558"]
[PlyCount "66"]
[EventDate "2015.05.22"]
[EventType "swiss"]
[EventRounds "7"]
[EventCountry "NED"]
[Source "P.Boonen"]
[SourceDate "2015.01.01"]

1. e4 c6 2. d4 d5 3. e5 Bf5 4. Nf3 e6 5. Nc3 Nd7 6. Bd3 Bxd3 7. Qxd3 c5 8. Be3
cxd4 9. Bxd4 Ne7 10. O-O Nc6 11. a3 Nxd4 12. Qxd4 Bc5 13. Qg4 O-O 14. Rad1 Rc8
15. Rd3 Be7 16. Rfd1 Qc7 17. Re1 Nb6 18. Ng5 Bxg5 19. Qxg5 Qd8 20. Qg4 Rc4 21.
f4 f5 22. exf6 Rxf6 23. Rxe6 Rcxf4 24. Qe2 Qf8 25. Rxf6 Rxf6 26. Nxd5 Qc5+ 27.
Ne3 h6 28. Kh1 Qe5 29. Rb3 Nd5 30. Kg1 Re6 31. Kf2 Rf6+ 32. Kg1 Re6 33. Kf2
Rf6+ 1/2-1/2

[Event "BPB Limburg-open C"]
[Site "Maastricht"]
[Date "2015.05.23"]
[Round "3"]
[White "Proesmans, Karel"]
[Black "Akulov, Lev"]
[Result "0-1"]
[WhiteElo "1625"]
[BlackElo "1611"]
[PlyCount "109"]
[EventDate "2015.05.22"]
[EventType "swiss"]
[EventRounds "7"]
[EventCountry "NED"]
[Source "P.Boonen"]
[SourceDate "2015.01.01"]

1. e4 e5 2. Nf3 Nf6 3. Bc4 Nxe4 4. Qe2 d5 5. Nxe5 Be7 6. Nxf7 Kxf7 7. Qh5+ Kf8
8. Bxd5 Nd6 9. O-O Qe8 10. Qf3+ Bf6 11. Nc3 Nd7 12. d4 Nb6 13. Bg5 Qg6 14. Bf4
Qxc2 15. Bb3 Qf5 16. Rfe1 Bxd4 17. Ne4 Nxe4 18. Rxe4 Bf6 19. Bxc7 g5 20. Qh5
Qg6 21. Qf3 g4 22. Qf4 Kg7 23. Rae1 Qg5 24. Qg3 Bf5 25. R4e3 Rhe8 26. f4 Qg6
27. h3 gxh3 28. Be5 Bxe5 29. fxe5 Qxg3 30. Rxg3+ Bg6 31. gxh3 Nd7 32. Ba4 Rxe5
33. Rf1 Nf6 34. Bd1 Rf8 35. h4 Ne4 36. Rg2 Rxf1+ 37. Kxf1 Kf6 38. Bc2 Ng3+ 39.
Kg1 Ne2+ 40. Kf1 Bxc2 41. Rxe2 Rxe2 42. Kxe2 Kf5 43. Kf3 Bd1+ 44. Kg3 Ke4 45.
Kf2 Kf4 46. b3 Kg4 47. b4 Kxh4 48. Kg2 Kg4 49. a3 h5 50. Kh2 h4 51. b5 h3 52.
b6 axb6 53. a4 Bxa4 54. Kg1 Kg3 55. Kf1 0-1

[Event "BPB Limburg-open C"]
[Site "Maastricht"]
[Date "2015.05.23"]
[Round "3"]
[White "Raats, Joppe"]
[Black "Beukema, Christiaan"]
[Result "1-0"]
[WhiteElo "1495"]
[BlackElo "1470"]
[PlyCount "75"]
[EventDate "2015.05.22"]
[EventType "swiss"]
[EventRounds "7"]
[EventCountry "NED"]
[Source "P.Boonen"]
[SourceDate "2015.01.01"]

1. e4 e5 2. Nf3 Nc6 3. Bc4 Bc5 4. Nc3 d6 5. d3 Na5 6. Bb3 Nxb3 7. axb3 c6 8.
Bg5 f6 9. Bh4 Bg4 10. h3 Bh5 11. Na4 Bb4+ 12. Nc3 g5 13. g4 Bg6 14. Bg3 h5 15.
Kd2 d5 16. exd5 Bxc3+ 17. bxc3 Qxd5 18. c4 Qd7 19. Qe2 Ne7 20. Nh2 h4 21. Bxe5
fxe5 22. Qxe5 Rg8 23. Rhe1 Rf8 24. Re2 Rd8 25. Rae1 Rf4 26. Qxe7+ Qxe7 27.
Rxe7+ Kf8 28. f3 b5 29. cxb5 cxb5 30. Rxa7 Rfd4 31. Re3 b4 32. Ra5 R4d5 33.
Rxd5 Rxd5 34. Nf1 Ra5 35. Re2 Ra1 36. Rf2 Ke7 37. f4 Ke6 38. f5+ 1-0

[Event "BPB Limburg-open C"]
[Site "Maastricht"]
[Date "2015.05.23"]
[Round "3"]
[White "Ratzkowski, Dirk"]
[Black "Baselmans, Sam"]
[Result "1/2-1/2"]
[WhiteElo "1749"]
[BlackElo "1586"]
[PlyCount "33"]
[EventDate "2015.05.22"]
[EventType "swiss"]
[EventRounds "7"]
[EventCountry "NED"]
[Source "P.Boonen"]
[SourceDate "2015.01.01"]

1. e4 e6 2. f4 d5 3. e5 c5 4. Nf3 Nc6 5. Be2 Nge7 6. O-O Nf5 7. c3 h5 8. Bd3 h4
9. Bxf5 exf5 10. Na3 b6 11. Nc2 Ba6 12. d3 Qd7 13. Rb1 Nd8 14. b4 Ne6 15. bxc5
Nxc5 16. Nb4 Bb5 17. Nd4 1/2-1/2

[Event "BPB Limburg-open C"]
[Site "Maastricht"]
[Date "2015.05.23"]
[Round "3"]
[White "Reusink, Hans"]
[Black "Kalkman de Koster, Franzke"]
[Result "0-1"]
[WhiteElo "1535"]
[BlackElo "1558"]
[PlyCount "78"]
[EventDate "2015.05.22"]
[EventType "swiss"]
[EventRounds "7"]
[EventCountry "NED"]
[Source "P.Boonen"]
[SourceDate "2015.01.01"]

1. e4 c5 2. Nc3 a6 3. f4 d6 4. Nf3 e6 5. Be2 g6 6. O-O Bg7 7. d3 Nc6 8. Qe1 b5
9. Kh1 Nge7 10. Bd1 O-O 11. Qh4 f6 12. Be3 Rf7 13. Ne2 Qf8 14. c3 Bh6 15. Bb3
a5 16. a3 f5 17. Ng5 Bxg5 18. Qxg5 h6 19. Qg3 Qg7 20. Rad1 Kh7 21. Qf3 Bd7 22.
d4 c4 23. Bc2 b4 24. d5 exd5 25. exd5 Na7 26. Bd4 Qg8 27. axb4 axb4 28. cxb4
Nb5 29. Bc3 Nc7 30. Nc1 Rff8 31. Rfe1 Nexd5 32. b3 Bb5 33. bxc4 Bxc4 34. Rd4
Nxc3 35. Qxc3 d5 36. Qb2 Qg7 37. Re5 Nb5 38. Rxc4 dxc4 39. Rxb5 Qxb2 0-1

[Event "BPB Limburg-open C"]
[Site "Maastricht"]
[Date "2015.05.23"]
[Round "3"]
[White "Rogge, Parcival"]
[Black "Schroeder, Janina"]
[Result "1-0"]
[WhiteElo "1185"]
[BlackElo "1422"]
[PlyCount "53"]
[EventDate "2015.05.22"]
[EventType "swiss"]
[EventRounds "7"]
[EventCountry "NED"]
[Source "P.Boonen"]
[SourceDate "2015.01.01"]

1. d4 d5 2. Nf3 Nf6 3. Bg5 h6 4. Bh4 Bf5 5. e3 e6 6. Bd3 Bxd3 7. Qxd3 Be7 8.
Nbd2 Nc6 9. c3 O-O 10. Bg3 b6 11. O-O-O Na5 12. Rdg1 c5 13. Be5 Ng4 14. Qe2
Nxe5 15. Nxe5 c4 16. h4 Bxh4 17. Ng4 Be7 18. Nxh6+ gxh6 19. Qg4+ Kh7 20. Qh5
Bg5 21. f4 Rg8 22. fxg5 Qxg5 23. Qxf7+ Qg7 24. Rxh6+ Kxh6 25. Rh1+ Kg5 26. Rh5+
Kg4 27. Qf3# 1-0

[Event "BPB Limburg-open C"]
[Site "Maastricht"]
[Date "2015.05.23"]
[Round "3"]
[White "Schlosser, Mathias"]
[Black "Wiedenbruch, Paul"]
[Result "1-0"]
[WhiteElo "1720"]
[BlackElo "1045"]
[PlyCount "69"]
[EventDate "2015.05.22"]
[EventType "swiss"]
[EventRounds "7"]
[EventCountry "NED"]
[Source "P.Boonen"]
[SourceDate "2015.01.01"]

1. e4 e5 2. Nf3 Nf6 3. Nc3 Bb4 4. d3 d5 5. exd5 Nxd5 6. Bd2 O-O 7. Be2 Nc6 8.
O-O Bf5 9. Nxd5 Bxd2 10. Nxc7 Qxc7 11. Qxd2 Rad8 12. Qc3 Qd6 13. Rfe1 Bg4 14.
h3 Bh5 15. Nd2 Bxe2 16. Rxe2 Rfe8 17. Ne4 Nd4 18. Ree1 Qg6 19. Ng3 Kh8 20. Rac1
Rc8 21. Qd2 f5 22. c3 Nf3+ 23. gxf3 f4 24. Kh2 fxg3+ 25. fxg3 Rf8 26. Qe3 Rce8
27. Rf1 a6 28. Qe4 Qxe4 29. dxe4 Rd8 30. Rcd1 Rxd1 31. Rxd1 Kg8 32. Kg2 Kf7 33.
Rd7+ Kg6 34. Rxb7 Rf6 35. Kf2 1-0

[Event "BPB Limburg-open C"]
[Site "Maastricht"]
[Date "2015.05.23"]
[Round "3"]
[White "Schroeder, Oliver"]
[Black "Oosterlinck, Freddy"]
[Result "1-0"]
[WhiteElo "1623"]
[BlackElo "1356"]
[PlyCount "101"]
[EventDate "2015.05.22"]
[EventType "swiss"]
[EventRounds "7"]
[EventCountry "NED"]
[Source "P.Boonen"]
[SourceDate "2015.01.01"]

1. e4 c6 2. d3 d5 3. exd5 cxd5 4. Nf3 Nf6 5. b3 Bg4 6. Be2 Nbd7 7. Bb2 e6 8.
Nbd2 Be7 9. O-O O-O 10. Rc1 Rc8 11. c4 Qa5 12. a4 Rc6 13. Nd4 Rcc8 14. Bxg4
Nxg4 15. Bc3 Bb4 16. Bxb4 Qxb4 17. Nc2 Qc3 18. Nb1 Qxb3 19. Qxg4 Ne5 20. Qd1
Nxd3 21. Nd4 Qxd1 22. Rcxd1 dxc4 23. Nc3 Rfd8 24. Nde2 Nb2 25. Rb1 Rd2 26. Rfe1
Rcd8 27. g3 a6 28. Kg2 b5 29. axb5 axb5 30. Nxb5 Na4 31. Rb4 Nb2 32. Nc1 Rc2
33. Re2 Rxc1 34. Rexb2 c3 35. Rb1 Rxb1 36. Rxb1 c2 37. Rc1 Rd2 38. Na3 f5 39.
Nxc2 Kf7 40. Ne3 Kf6 41. h3 g5 42. Rc6 h5 43. Kf3 Rd4 44. Ra6 g4+ 45. hxg4
hxg4+ 46. Kg2 f4 47. gxf4 Re4 48. Kg3 Rd4 49. Nxg4+ Kf5 50. Ra5+ Ke4 51. Re5+
1-0

[Event "BPB Limburg-open C"]
[Site "Maastricht"]
[Date "2015.05.23"]
[Round "3"]
[White "Sleurs, Juliette"]
[Black "Snyers, Antoine"]
[Result "0-1"]
[WhiteElo "1446"]
[BlackElo "1556"]
[PlyCount "74"]
[EventDate "2015.05.22"]
[EventType "swiss"]
[EventRounds "7"]
[EventCountry "NED"]
[Source "P.Boonen"]
[SourceDate "2015.01.01"]

1. e4 c5 2. c3 Nf6 3. e5 Nd5 4. d4 e6 5. Nf3 Be7 6. Be3 Nxe3 7. fxe3 b6 8. Bb5
Bh4+ 9. Nxh4 Qxh4+ 10. Kf1 Bb7 11. Qe2 a6 12. Bd3 O-O 13. Qf2 Qg4 14. Be2 Qg6
15. Nd2 f6 16. exf6 Rxf6 17. Bf3 Nc6 18. Ke1 e5 19. Qe2 exd4 20. Qc4+ Kh8 21.
Bxc6 Bxc6 22. Rg1 Bb5 23. Qd5 Re8 24. cxd4 Qd3 25. Kd1 Ref8 26. Kc1 Rf2 27. Rd1
Rxd2 28. Qb3 Rxd1+ 29. Qxd1 Rf1 30. Qxf1 Qxf1+ 31. Kc2 Qxa1 32. dxc5 bxc5 33.
a3 Qa2 34. e4 Qc4+ 35. Kb1 Ba4 36. e5 Bb3 37. e6 Qf1# 0-1

[Event "BPB Limburg-open C"]
[Site "Maastricht"]
[Date "2015.05.23"]
[Round "3"]
[White "Steinhart, Roel"]
[Black "Loutragotis, Marios"]
[Result "1-0"]
[WhiteElo "1564"]
[BlackElo "900"]
[PlyCount "91"]
[EventDate "2015.05.22"]
[EventType "swiss"]
[EventRounds "7"]
[EventCountry "NED"]
[Source "P.Boonen"]
[SourceDate "2015.01.01"]

1. e4 e5 2. Qf3 Nf6 3. Bc4 Be7 4. d3 O-O 5. Bg5 Nc6 6. c3 d6 7. Nd2 h6 8. h4
hxg5 9. hxg5 g6 10. gxf6 Bxf6 11. Qg3 Kg7 12. Ngf3 Rh8 13. O-O-O Be6 14. Bxe6
fxe6 15. Rhe1 Bh4 16. Nxh4 Qxh4 17. Qxh4 Rxh4 18. Nf3 Rg4 19. g3 Rf8 20. Re3 d5
21. exd5 exd5 22. Nxe5 Nxe5 23. Rxe5 Rxf2 24. Re7+ Rf7 25. Rxf7+ Kxf7 26. Rf1+
Ke6 27. Rf3 c5 28. Kd2 d4 29. cxd4 cxd4 30. Kc2 b6 31. Kb3 Kd5 32. Kc2 g5 33.
Kb3 b5 34. Kb4 Kc6 35. Ka5 a6 36. Kxa6 Kc5 37. Ka5 Kc6 38. b4 Kc7 39. Kxb5 Kb7
40. a4 Ka7 41. Kc5 Ka6 42. b5+ Kb7 43. a5 Ka7 44. a6 Kb8 45. Kc6 Kc8 46. a7 1-0

[Event "BPB Limburg-open C"]
[Site "Maastricht"]
[Date "2015.05.23"]
[Round "3"]
[White "Valembois, Pierre"]
[Black "Been, Klaas"]
[Result "0-1"]
[WhiteElo "1203"]
[BlackElo "1722"]
[PlyCount "116"]
[EventDate "2015.05.22"]
[EventType "swiss"]
[EventRounds "7"]
[EventCountry "NED"]
[Source "P.Boonen"]
[SourceDate "2015.01.01"]

1. d4 d5 2. Nf3 Nf6 3. e3 e6 4. Bd3 Bd6 5. a3 Nbd7 6. b3 O-O 7. Bb2 c6 8. Nbd2
Qc7 9. Qe2 b6 10. h3 Bb7 11. g4 g6 12. g5 Nh5 13. h4 Rae8 14. O-O-O e5 15. Nxe5
Nxe5 16. dxe5 Bxe5 17. Bxe5 Qxe5 18. Nb1 d4 19. f4 Qxe3+ 20. Qxe3 Rxe3 21. f5
c5 22. Rh2 Rfe8 23. Nd2 Nf4 24. fxg6 Nxd3+ 25. cxd3 fxg6 26. h5 Rxd3 27. hxg6
hxg6 28. Rh6 Kg7 29. Rf1 Rh8 30. Kc2 Rc3+ 31. Kb2 Rxh6 32. gxh6+ Kxh6 33. Rf7
Rd3 34. Kc2 Rc3+ 35. Kb2 Ba6 36. Rxa7 Bd3 37. Nb1 Rc2+ 38. Ka1 Rc1 39. a4 Rxb1+
40. Ka2 Rc1 41. a5 bxa5 42. Rxa5 g5 43. Kb2 Rc2+ 44. Ka1 Bg6 45. Ra6 d3 46. b4
d2 47. Rd6 Rc1+ 48. Kb2 Rb1+ 49. Ka2 d1=Q 50. Rxd1 Rxd1 51. b5 Rb1 52. Ka3 Rxb5
53. Ka4 Rb4+ 54. Ka3 g4 55. Ka2 g3 56. Ka1 g2 57. Ka2 g1=Q 58. Ka3 Qa1# 0-1

[Event "BPB Limburg-open C"]
[Site "Maastricht"]
[Date "2015.05.23"]
[Round "3"]
[White "Van Foreest, Machteld"]
[Black "Roemhild, Wolfgang"]
[Result "1-0"]
[WhiteElo "1420"]
[BlackElo "1735"]
[PlyCount "100"]
[EventDate "2015.05.22"]
[EventType "swiss"]
[EventRounds "7"]
[EventCountry "NED"]
[Source "P.Boonen"]
[SourceDate "2015.01.01"]

1. e4 e5 2. Nf3 Nc6 3. Bc4 d6 4. c3 Bg4 5. d4 Qd7 6. h3 Bh5 7. g4 Bg6 8. Nbd2
O-O-O 9. Bb5 a6 10. Ba4 b5 11. Bb3 Nf6 12. d5 Na5 13. Qc2 Nb7 14. a4 Nc5 15.
axb5 Qxb5 16. Bc4 Qb6 17. Bd3 Nxd5 18. Nc4 Qa7 19. b4 Nxd3+ 20. Qxd3 Nf6 21.
Be3 c5 22. b5 Bxe4 23. Qe2 Bb7 24. bxa6 Bxa6 25. Qa2 e4 26. Ng5 d5 27. Ne5 d4
28. Bf4 Nd5 29. Nc6 Qb6 30. Qxa6+ Qxa6 31. Rxa6 Rd7 32. Ne5 Nxf4 33. Nxd7 Kxd7
34. Nxf7 Nd3+ 35. Kd2 Rg8 36. Ng5 Nxf2 37. Rf1 e3+ 38. Ke2 Be7 39. Ra7+ Kd6 40.
Nf3 Rb8 41. cxd4 Rb2+ 42. Kxe3 cxd4+ 43. Nxd4 Bg5+ 44. Kf3 Nd3 45. Nf5+ Kc5 46.
Ra5+ Kb4 47. Rd5 Rb3 48. Rd4+ Kc5 49. Ke4 Nb4 50. h4 Bf6 {.....} 1-0

[Event "BPB Limburg-open C"]
[Site "Maastricht"]
[Date "2015.05.23"]
[Round "3"]
[White "Van Kanten, Brian"]
[Black "Rutten, Alexander"]
[Result "0-1"]
[WhiteElo "1564"]
[BlackElo "966"]
[PlyCount "100"]
[EventDate "2015.05.22"]
[EventType "swiss"]
[EventRounds "7"]
[EventCountry "NED"]
[Source "P.Boonen"]
[SourceDate "2015.01.01"]

1. e4 c5 2. Nf3 d6 3. d4 cxd4 4. Nxd4 Nf6 5. Nc3 a6 6. Bg5 Nbd7 7. f4 b5 8. a3
Bb7 9. Qd3 Nc5 10. Qe3 Nfxe4 11. Nxe4 Nxe4 12. Bh4 Rc8 13. c3 Nf6 14. Rd1 Qd7
15. h3 h6 16. Rg1 Nd5 17. Qf2 e6 18. Bd3 Be7 19. Bg3 Bf6 20. Nb3 Ne7 21. Bc2 d5
22. Na5 Nc6 23. Nxb7 Qxb7 24. Qd2 Na5 25. Bb1 Nc4 26. Qe2 Nxb2 27. Rc1 Bxc3+
28. Rxc3 Rxc3 29. Qxb2 Rxg3 30. Kf2 Qb6+ 31. Kxg3 Qxg1 32. Qc2 Qe3+ 33. Kh2
Qxf4+ 34. Kh1 Qc4 35. Qd1 O-O 36. Bd3 Qc3 37. Qf3 Qf6 38. Qe3 d4 39. Qe4 g6 40.
Qc6 a5 41. Bxb5 Kg7 42. Bd3 e5 43. Qc7 Ra8 44. Bc4 Rd8 45. Bd3 e4 46. Bxe4 d3
47. Bf3 d2 48. Qxa5 d1=Q+ 49. Bxd1 Rxd1+ 50. Kh2 Qf4+ 0-1

[Event "BPB Limburg-open C"]
[Site "Maastricht"]
[Date "2015.05.23"]
[Round "3"]
[White "Van Stiphout, Sophie"]
[Black "Van Dalen, Maiko"]
[Result "1-0"]
[WhiteElo "1390"]
[BlackElo "1381"]
[PlyCount "65"]
[EventDate "2015.05.22"]
[EventType "swiss"]
[EventRounds "7"]
[EventCountry "NED"]
[Source "P.Boonen"]
[SourceDate "2015.01.01"]

1. e4 e5 2. Nf3 Nc6 3. g3 Nf6 4. d3 Bc5 5. Bg2 d6 6. O-O O-O 7. c3 Bg4 8. Qc2
d5 9. Nbd2 d4 10. Nc4 Re8 11. b4 Bb6 12. b5 Bxf3 13. Bxf3 Na5 14. Nxb6 axb6 15.
Bb2 c5 16. c4 Qd7 17. Bg2 Nh5 18. Bc1 f5 19. Bh3 g6 20. Qe2 Ng7 21. f3 Qf7 22.
f4 fxe4 23. fxe5 exd3 24. Qxd3 Qxc4 25. Qe4 Qxb5 26. Qd5+ Kh8 27. Bh6 Qc4 28.
Qd7 Rg8 29. Rf7 Qxf7 30. Qxf7 d3 31. Rf1 Rad8 32. Qe7 Rde8 33. Bxg7+ 1-0

[Event "BPB Limburg-open C"]
[Site "Maastricht"]
[Date "2015.05.23"]
[Round "3"]
[White "Van Wijnendaele, Jovanni"]
[Black "Vossen, Patrick"]
[Result "1/2-1/2"]
[WhiteElo "1593"]
[BlackElo "1453"]
[PlyCount "74"]
[EventDate "2015.05.22"]
[EventType "swiss"]
[EventRounds "7"]
[EventCountry "NED"]
[Source "P.Boonen"]
[SourceDate "2015.01.01"]

1. d4 d5 2. Nc3 c6 3. e4 dxe4 4. Nxe4 Bf5 5. Ng3 Bg6 6. Nf3 Nd7 7. h4 h6 8. h5
Bh7 9. Bd3 Bxd3 10. Qxd3 e6 11. Bd2 Ngf6 12. O-O-O Bd6 13. c4 c5 14. Bc3 Qc7
15. Ne4 Nxe4 16. Qxe4 Nf6 17. Qe2 O-O-O 18. Ne5 cxd4 19. Bxd4 Kb8 20. Kb1 Rhf8
21. Rh3 Bxe5 22. Qxe5 Qxe5 23. Bxe5+ Kc8 24. Rxd8+ Kxd8 25. Rd3+ Kc8 26. Bxf6
gxf6 27. Kc2 Rg8 28. Rg3 Rxg3 29. fxg3 Kd7 30. b4 f5 31. Kd3 Kd6 32. Ke3 e5 33.
Kf3 f6 34. Ke3 b6 35. Kf3 a6 36. Ke3 Kc6 37. Kf3 Kd6 1/2-1/2